mena house : 3rd. Edition /

محفوظ في:

المؤلف الرئيسي: nelson, nina

التنسيق: كتاب

اللغة: Undetermined

منشور في: s.l. : s.n., 1987.

الوسوم: إضافة وسم

لا توجد وسوم, كن أول من يضع وسما على هذه التسجيلة!

رقم الطلب: DT153.5 .M5 N4x

LEADER 00461nam a2200133Ia 4500
008 220401s9999||||xx |||||||||||||| ||und||
050 4 |a DT153.5 .M5 N4x 
100 1 |a nelson, nina 
245 1 0 |a mena house :  |b 3rd. Edition /  |c nina nelson. 
264 1 |a s.l. :  |b s.n.,  |c 1987. 
300 |a  :  |b  ;  |c . 
942 |2 lcc  |c BK 
952 |0 0  |1 0  |2 lcc  |4 0  |6 DT01535 M5 N4 X  |7 1  |9 39387  |a ARCE  |b ARCE  |d 2022-04-01  |l 0  |o DT153.5 .M5 N4x  |p 1002676  |r 2022-04-01 00:00:00  |w 2022-04-01  |y BK 
999 |c 46968  |d 46968